000 00940cam a22002652 4500
001 0000020882
005 20151217145929.0
008 111026s xx 000 0 eng d
020 _a0414046153 :
040 _aKABU
_cKABU
100 1 _aQureshi, Asif H.
_@0000181543
245 1 0 _aInternational economic law /
_cAsif H. Qureshi and Andrea R. Ziegler.
250 _a1st ed.
260 _aLondon :
_bSweet & Maxwell,
_c2011.
300 _axxxviii, 682 p.
650 0 _aInternational economic relations.
_@0000144571
650 0 _aInternational finance
_xLaw and legislation.
_@0000179681
650 0 _aForeign trade relgulations.
_@0000181544
700 1 _aZiegler, Andrea R.
_@0000181545
852 1 _9p7200 KES
852 1 _9p4640 KES
852 1 _9p7200 KES
908 _a111026
950 _@1
999 _c4208
_d4208